书目信息 |
| 题名: |
品牌体检
|
|
| 作者: | 陈云岗 著 | |
| 分册: | ||
| 出版信息: | 北京 中国人民大学出版社 2004 |
|
| 页数: | 18,229页 | |
| 开本: | 23cm | |
| 丛书名: | 品牌经营工具箱丛书 | |
| 单 册: | ||
| 中图分类: | F273.2 , F270 | |
| 科图分类: | ||
| 主题词: | 企业管理 , 企业管理--质量管理 | |
| 电子资源: | ||
| ISBN: | 7-300-06084-6 | |
| 000 | 00951nam0 2200301 450 | |
| 000 | 00951nam0 2200289 450 | |
| 000 | 00882nam0 2200265 450 | |
| 000 | 00846oam2 2200253 45 | |
| 005 | 20070725105928.29 | |
| 010 | @a7-300-06084-6@dCNY40.00 | |
| 100 | @a20070719d2004 em y0chiy0120 ea | |
| 101 | 0 | @achi |
| 102 | @aCN@b110000 | |
| 105 | @ay z 000yy | |
| 200 | 1 | @a品牌体检@APin Pai Ti Jian@f陈云岗著@FChen Yun Gang Zhu |
| 210 | @a北京@c中国人民大学出版社@d2004 | |
| 215 | @a18,229页@d23cm | |
| 225 | 2 | @a品牌经营工具箱丛书 |
| 330 | @a本书共分四章,内容包括:品牌体检的价值、品牌环境测量、品牌资源测量和品牌资产测量,探究了掌握深度品牌体检的方法。 | |
| 410 | 0 | @12001 @a品牌经营工具箱丛书 |
| 510 | 1 | @aBrand Diagnoses@zeng |
| 606 | 0 | @a企业管理 |
| 606 | 0 | @a企业管理@x质量管理 |
| 690 | @aF273.2@v4 | |
| 690 | @aF270@v3 | |
| 701 | 0 | @a陈云岗@AChen Yun Gang@4著 |
| 801 | 0 | @aCN@bTAOJIN@c20070725 |
| 905 | @a10447@dF270@e597:6 | |
| 品牌体检/陈云岗著.-北京:中国人民大学出版社,2004 |
| 18,229页;23cm.-(品牌经营工具箱丛书) |
| ISBN 7-300-06084-6:CNY40.00 |
| 本书共分四章,内容包括:品牌体检的价值、品牌环境测量、品牌资源测量和品牌资产测量,探究了掌握深度品牌体检的方法。 |
| ● |
| 相关链接 |
|
|
|
|
正题名:品牌体检
索取号:F270/597:6
 
预约/预借
| 序号 | 登录号 | 条形码 | 馆藏地/架位号 | 状态 | 备注 |
| 1 | 0824900 | 208249000 | 第一样本阅览室/ [索取号:F270/597:6] | 在馆 | |
| 2 | 0824901 | 208249019 | 密集书库/ [索取号:F270/597:6] | 在馆 | |
| 3 | 0824902 | 208249028 | 第一借阅区/ [索取号:F270/597:6] | 在馆 | |
| 4 | 0824903 | 208249037 | 第一借阅区/ [索取号:F270/597:6] | 在馆 | |
| 5 | 0824904 | 208249046 | 第一借阅区/ [索取号:F270/597:6] | 在馆 | |
| 6 | 0824905 | 208249055 | 密集书库/ [索取号:F270/597:6] | 在馆 | |
| 7 | 0824906 | 208249064 | 密集书库/ [索取号:F270/597:6] | 在馆 | |
| 8 | 0824907 | 208249073 | 密集书库/ [索取号:F270/597:6] | 在馆 |